The TAB electronics technician's on-line resource reference (Бичлэгийн дугаар. 146041)
| 000 -УДИРДЛАГА | |
|---|---|
| Удирдлага | 00919nam a22003017a 4500 |
| 003 - ХЯНАЛТЫН ТОО ТОДОРХОЙЛОГЧ | |
| Код | MN-UlNUM |
| 005 - БИЧИЛТ ХИЙСЭН ОГНОО | |
| Тухайн бичилтийг бичсэн засварласан сүүлийн огноо | 20251231120942.0 |
| 008 - ЕРӨНХИЙ МЭДЭЭЛЭЛ | |
| Ерөнхий мэдээлэл | 251231s1997 nyua|||| |||| 00| 0 eng | |
| 020 ## - ISBN | |
| ISBN | 0070362203 |
| -- | 007036219X |
| 040 ## - БИЧЛЭГ ҮҮСГЭГЧ БАЙГУУЛЛАГА | |
| Бичлэг үүсгэгч номын сангийн код | МУИС-ийн номын сан |
| 084 ## - ББК АНГИЛАЛ | |
| Нэмэлт тусгалт | Бусад |
| ББК ангилал | 78.30 |
| Зохиогчийн гурван тэмдэгт | B 56 |
| Мэдлэгийн ялгаа | 78 - Номын сан судлал |
| 100 1# - ЗОХИОГЧ | |
| Зохиогчийн нэр | Bigelow, Stephen J. |
| 245 14 - ҮНДСЭН ГАРЧИГ | |
| Номын нэр | The TAB electronics technician's on-line resource reference |
| Оролцогчдын тухай мэдээ | Stephen J. Bigelow. |
| 260 ## - ГАРАЛТЫН МЭДЭЭ | |
| Хэвлэгдсэн газар | New York : |
| Хэвлэлийн газар | McGraw-Hill, |
| Хэвлэгдсэн он | 1997. |
| 300 ## - МАТЕРИАЛЫН ТОДОРХОЙЛОЛТ | |
| хуудасны тоо | xiii, 368 p. : |
| Бусад тоон мэдээлэл | ill. ; |
| Хэмжээ | 25 cm. |
| 500 ## - Тайлбар | |
| Дансны дугаар | БС 4795 |
| 546 ## - ХЭЛНИЙ ТУХАЙ МЭДЭЭ | |
| Хэл | Англи хэл дээр, |
| 653 ## - Түлхүүр үг | |
| Түлхүүр үг | electronic apparatus and appliances |
| 653 ## - Түлхүүр үг | |
| Түлхүүр үг | maintenance and repair |
| 653 ## - Түлхүүр үг | |
| Түлхүүр үг | microcomputers |
| 653 ## - Түлхүүр үг | |
| Түлхүүр үг | online data processing |
| 740 ## - НОМЫН ГАРЧИГ | |
| Гарчиг | An On-line primer for Technicians |
| 740 ## - НОМЫН ГАРЧИГ | |
| Гарчиг | Using On-line Resources |
| 740 ## - НОМЫН ГАРЧИГ | |
| Гарчиг | On-line Resources A through |
| 740 ## - НОМЫН ГАРЧИГ | |
| Гарчиг | Mail Lists and News Groups |
| 942 ## - ЭЛЕМЕНТИЙН ТӨРӨЛ | |
| Зүйлийн төрөл | Ном |
